Hormigón Armado
| Main Authors: | , , |
|---|---|
| Format: | Section = Libro |
| Language: | Undetermined Spanish |
| Published: |
España
Grupo Latino Ltda
1974
|
| Edition: | 7a.ed |
| Subjects: |
| LEADER | 00567nam a2200229Ia 4500 | ||
|---|---|---|---|
| 008 | 240830s9999 xx 000 0 und d | ||
| 020 | |a 84-252-0758-4 | ||
| 040 | |a B-ESTELÍ- RUACS / 691.3 J61 | ||
| 041 | |a spa | ||
| 082 | |a 691.3 J61 | ||
| 100 | 1 | |a Jiménez Montoya, P | |
| 100 | 1 | |b Meseguer, García | |
| 100 | 1 | |c Cabre, Moran | |
| 245 | 1 | 0 | |a Hormigón Armado |
| 250 | |a 7a.ed | ||
| 260 | |a España |b Grupo Latino Ltda |c 1974 | ||
| 300 | |a 409 p:il | ||
| 650 | 7 | |a HORMIGON-ARMADO | |
| 650 | 7 | |b CONSTRUCCION | |
| 942 | |c BK |2 ddc | ||
| 991 | |a TEXTO | ||
| 999 | |c 11588 | ||